| 000 | 00423nam a22001577a 4500 | ||
|---|---|---|---|
| 003 | OSt | ||
| 008 | 260427b |||||||| |||| 00| 0 eng d | ||
| 082 |
_a634.421 _bS11C |
||
| 100 | _aSahay, Sahay | ||
| 245 | _aCrop Regulation in Guava (Psidium Guajava Linn.) Cultivar Sardar | ||
| 260 |
_aPusa, Samastipur _bRAU _c1998 |
||
| 300 | _a105P. | ||
| 502 |
_bMsc. _d1998 |
||
| 650 | _aFruit and Fruit Technology | ||
| 942 |
_2ddc _cT |
||
| 999 |
_c50200 _d50200 |
||